000 00925nam a22002537a 4500
999 _c881
_d881
001 000435
003 CoMeUDC000435
005 20190119140109.0
008 100216s2002 ck ab gr 00011dspa d
015 _ack-2002-xxxx
040 _aCO-BoBLA
_bspa
_cCoMeUDC
043 _as-ck---
045 _ay0y0
082 0 4 _a711.4
_bP76a
_219
240 1 0 _aAntioquia-Bibliografía regional
245 0 0 _aProyecto metropoli 2002-2020 :
_bplan integral de desarrollo metropolitano del Valle de Aburrá.
260 3 _aMedellín :
_bArea Metropolitana del Valle de Aburrá :
_bLitografía Dinámica,
_c2002.
300 _axiv, 212 p. :
_bil., mapas ;
_c27 cm.
504 _aIncluye bibliografía.
650 _aUrbanismo
_z Medellín (Colombia : Area metropolitana)
_y 2002-2020.
650 6 _aOrdenamiento territorial
_z Medellín (Colombia : Area metropolitana)
_y 2002-2020.
942 _2ddc
_cBK
949 _an
_bn